00801nam a2200205 450000500170000001000150001702000260003203500140005803700130007208200130008510000160009824501060011425000060022026000410022627000760026730000310034350001730037470000290054770000190057620240129151248.0 aENG-139073 c350.00a9789355322623 aEN-122605 bDBAD/PUB a363.722 aPrakash, Om aCTET/TET:bEnvironment Studies And Pedagogy (For Class I-V)/cBy Om Prakash; Bimla Prakash and Sunita a2 aChennaibMcGraw Hill Educationc2023 aAnjana Complex No: 5/90A, Butt Road, St. Thomas Mount,bChennaie600016 aVarious pagesc24.5cm(pbk) aSubject- Wise Comprehensive Series Based on The Latest Examination Pattern * Includes Two Full-Length Mock Test Papers. * Includes Chapter- Wise Pedagogical Questions. a Prakash, Bimla eAuthor aSunitaeAuthor